[Event "4NCL Division 1b"]
[Site "Birmingham, ENG ENG"]
[Date "2015.11.15"]
[Round "2.186"]
[White "Redmond, John P"]
[Black "Townsend, M Paul"]
[Result "0-1"]
[WhiteElo "2203"]
[BlackElo "2250"]
[PlyCount "128"]
[EventDate "2015.11.15"]
[WhiteTeam "South Wales Dragons"]
[BlackTeam "White Rose 1"]

1. Nf3 Nf6 2. c4 e6 3. Nc3 d5 4. d4 Be7 5. Bf4 O-O 6. e3 Nbd7 7. c5 c6 8. Bd3
b6 9. b4 a5 10. a3 Ba6 11. Bxa6 Rxa6 12. O-O Qa8 13. b5 cxb5 14. Nxb5 Qc6 15.
Qe2 bxc5 16. dxc5 Nxc5 17. Rab1 Raa8 18. Rfc1 Qa6 19. Qd1 Rac8 20. Nc7 Qd3 21.
Qe1 Nfd7 22. Nb5 Nb3 23. Rxc8 Rxc8 24. Nfd4 Nxd4 25. exd4 Bxa3 26. Nxa3 Qxa3
27. Qd1 h6 28. h3 Nf8 29. Rb7 Ng6 30. Be3 Ne7 31. Qh5 Rf8 32. g4 a4 33. Qe5 Nc6
34. Qf4 Na5 35. Ra7 Nc4 36. h4 Qb3 37. g5 hxg5 38. hxg5 a3 39. Kh2 Qb1 40. Bc1
a2 41. g6 Qxg6 42. Rxa2 Qh5+ 43. Kg2 f5 44. Qg3 Rf6 45. Bg5 Rg6 46. f4 Nd6 47.
Ra8+ Kh7 48. Qh3 Qxh3+ 49. Kxh3 Ne4 50. Kh4 Nxg5 51. fxg5 e5 52. Re8 exd4 53.
Re5 Rd6 54. Rxf5 Kg6 55. Rf4 Re6 56. Rxd4 Re4+ 57. Rxe4 dxe4 58. Kg4 e3 59. Kf3
Kxg5 60. Kxe3 Kg4 61. Kf2 Kh3 62. Kg1 Kg3 63. Kh1 g5 64. Kg1 g4 0-1

[Event "4NCL Division 1b"]
[Site "Birmingham, ENG ENG"]
[Date "2015.11.15"]
[Round "2.187"]
[White "Gantner, Matthias"]
[Black "Zeidler, Sven P"]
[Result "1-0"]
[WhiteElo "2255"]
[BlackElo "2160"]
[PlyCount "71"]
[EventDate "2015.11.15"]
[WhiteTeam "White Rose 1"]
[BlackTeam "South Wales Dragons"]

1. e4 d5 2. exd5 Qxd5 3. Nc3 Qa5 4. d4 Nf6 5. Nf3 Bg4 6. h3 Bh5 7. g4 Bg6 8.
Ne5 Nbd7 9. Nc4 Qa6 10. Bf4 Qe6+ 11. Ne3 Qb6 12. Nc4 Qe6+ 13. Ne3 Qb6 14. Bg2
O-O-O 15. O-O e6 16. Qe2 Nb8 17. d5 Nxd5 18. Nexd5 exd5 19. Nxd5 Qa6 20. c4 Bd6
21. Bxd6 Rxd6 22. Ne7+ Kd8 23. Nxg6 hxg6 24. Rfe1 Nc6 25. b4 Nxb4 26. Qe7+ Kc8
27. Rab1 Nc6 28. Qxf7 Rhd8 29. c5 Rd2 30. Qe6+ R8d7 31. Qxg6 Qxa2 32. Bxc6 bxc6
33. Qxc6 Re7 34. Qa8+ Kd7 35. c6+ Kd6 36. Qd8+ 1-0

[Event "4NCL Division 1b"]
[Site "Birmingham, ENG ENG"]
[Date "2015.11.15"]
[Round "2.188"]
[White "Wilson, Julie"]
[Black "Sucikova, Svetlana"]
[Result "0-1"]
[WhiteElo "1882"]
[BlackElo "2177"]
[PlyCount "68"]
[EventDate "2015.11.15"]
[WhiteTeam "South Wales Dragons"]
[BlackTeam "White Rose 1"]

1. d4 d5 2. c4 e6 3. Nf3 Nf6 4. Nc3 Be7 5. e3 O-O 6. Bd3 b6 7. cxd5 exd5 8. Bd2
Bb7 9. Qc2 c5 10. O-O Nc6 11. a3 a6 12. Rac1 c4 13. Be2 b5 14. Rfd1 Qb6 15. Ng5
Rfd8 16. Bf3 Na5 17. e4 Nb3 18. e5 Ne4 19. Ncxe4 dxe4 20. Bxe4 Nxd2 21. Bxh7+
Kf8 22. Qxd2 Qh6 23. f4 Bxg5 24. fxg5 Qxh7 25. Rf1 Bd5 26. Rf4 Kg8 27. Rcf1 Rd7
28. Qf2 Qg6 29. Qg3 Rad8 30. Rh4 Be6 31. Qe3 Qd3 32. Qf2 Rxd4 33. Rh5 Qg6 34.
Qe2 Bg4 0-1

[Event "4NCL Division 1b"]
[Site "Birmingham, ENG ENG"]
[Date "2016.01.23"]
[Round "3.151"]
[White "Gormally, Daniel W"]
[Black "Edouard, Romain"]
[Result "0-1"]
[WhiteElo "2506"]
[BlackElo "2617"]
[PlyCount "62"]
[EventDate "2016.01.23"]
[WhiteTeam "Blackthorne Russia"]
[BlackTeam "Guildford 1"]

1. d4 d5 2. c4 dxc4 3. Nf3 Nf6 4. Nc3 a6 5. e4 b5 6. e5 Nd5 7. a4 e6 8. axb5
Bb4 9. Qc2 Nb6 10. Qe4 Qd5 11. Qg4 axb5 12. Rxa8 Qxa8 13. Be2 g6 14. O-O Bxc3
15. bxc3 h6 16. Qh3 Qa2 17. Bd1 Qb1 18. Bg5 Qf5 19. g4 Qd3 20. Bf6 Rh7 21. Ng5
Qxh3 22. Nxh3 Nd5 23. Bf3 Nxc3 24. Ra1 Kd7 25. Nf4 Nc6 26. d5 Nd4 27. dxe6+
fxe6 28. Bg2 b4 29. Nxg6 Rf7 30. Nh8 Rf8 31. Ng6 Re8 0-1

[Event "4NCL Division 1b"]
[Site "Birmingham, ENG ENG"]
[Date "2016.01.23"]
[Round "3.152"]
[White "Jones, Gawain C B"]
[Black "Hunt, Harriet V"]
[Result "1/2-1/2"]
[WhiteElo "2625"]
[BlackElo "2444"]
[PlyCount "73"]
[EventDate "2016.01.23"]
[WhiteTeam "Guildford 1"]
[BlackTeam "Blackthorne Russia"]

1. c4 e5 2. Nc3 Nc6 3. Nf3 f5 4. d4 e4 5. Ne5 Nf6 6. Bf4 Bb4 7. Nxc6 bxc6 8. e3
d6 9. Be2 O-O 10. O-O Bxc3 11. bxc3 a5 12. Rb1 Kh8 13. Qa4 Qd7 14. Bg5 c5 15.
Rb5 Ba6 16. Rxa5 Qxa4 17. Rxa4 Nd7 18. Ra3 h6 19. Bf4 g5 20. Bg3 f4 21. exf4
gxf4 22. Bh4 f3 23. gxf3 exf3 24. Bd3 cxd4 25. cxd4 Rf4 26. Bg3 Rxd4 27. Re1
Nc5 28. Bf1 Rf8 29. Ra5 Rd2 30. h4 Rf7 31. h5 Kg7 32. Kh2 Rf5 33. Re7+ Rf7 34.
Re8 Rf5 35. Re7+ Rf7 36. Re8 Rf5 37. Re7+ 1/2-1/2

[Event "4NCL Division 1b"]
[Site "Birmingham, ENG ENG"]
[Date "2016.01.23"]
[Round "3.153"]
[White "Ledger, Andrew J"]
[Black "Pert, Nicholas"]
[Result "1/2-1/2"]
[WhiteElo "2387"]
[BlackElo "2574"]
[PlyCount "60"]
[EventDate "2016.01.23"]
[WhiteTeam "Blackthorne Russia"]
[BlackTeam "Guildford 1"]

1. d4 Nf6 2. c4 e6 3. Nc3 Bb4 4. e3 O-O 5. Bd3 d5 6. Nge2 b6 7. O-O Bb7 8. a3
Bd6 9. Ng3 dxc4 10. Bxc4 Nbd7 11. Qe2 c5 12. dxc5 Nxc5 13. Rd1 Qe7 14. b4 Be5
15. Bb2 Nce4 16. Ncxe4 Bxb2 17. Qxb2 Nxe4 18. Nxe4 Bxe4 19. Rd4 Bb7 20. Rad1
Rad8 21. Qd2 Rxd4 22. Qxd4 Rc8 23. Bf1 Kf8 24. h3 e5 25. Qg4 Rc7 26. Bc4 Bc8
27. Qe2 g6 28. Bd5 Kg7 29. Qb2 Qf6 30. Rc1 Qd6 1/2-1/2

[Event "4NCL Division 1b"]
[Site "Birmingham, ENG ENG"]
[Date "2016.01.23"]
[Round "3.154"]
[White "Trent, Lawrence"]
[Black "Ansell, Simon T"]
[Result "1-0"]
[WhiteElo "2451"]
[BlackElo "2359"]
[PlyCount "53"]
[EventDate "2016.01.23"]
[WhiteTeam "Guildford 1"]
[BlackTeam "Blackthorne Russia"]

1. e4 c6 2. Nc3 d5 3. Nf3 dxe4 4. Nxe4 Nf6 5. Qe2 Nxe4 6. Qxe4 Qd5 7. Qf4 Qf5
8. Qe3 Qe6 9. b3 Qxe3+ 10. fxe3 Bf5 11. Bb2 Nd7 12. O-O-O e6 13. Be2 h6 14.
Rhg1 Rg8 15. g4 Be4 16. h4 g5 17. hxg5 hxg5 18. d3 Bxf3 19. Bxf3 Bg7 20. d4 Rh8
21. Rdf1 Rd8 22. Rg2 Nf8 23. Rgf2 Rd7 24. Kb1 Rc7 25. Be2 Ng6 26. Bd3 Rh4 27.
Rxf7 1-0

[Event "4NCL Division 1b"]
[Site "Birmingham, ENG ENG"]
[Date "2016.01.23"]
[Round "3.155"]
[White "Bates, Richard A"]
[Black "Hebden, Mark L"]
[Result "0-1"]
[WhiteElo "2337"]
[BlackElo "2481"]
[PlyCount "98"]
[EventDate "2016.01.23"]
[WhiteTeam "Blackthorne Russia"]
[BlackTeam "Guildford 1"]

1. d4 g6 2. Nf3 Bg7 3. g3 c5 4. Bg2 cxd4 5. Nxd4 Nc6 6. Nb3 d6 7. O-O Be6 8.
Nc3 Nf6 9. e4 O-O 10. h3 Rc8 11. Nd5 Ne5 12. c3 Nc4 13. Nxf6+ Bxf6 14. Nd4 Bd7
15. b3 Ne5 16. c4 a6 17. Be3 Qa5 18. Qe2 Nc6 19. Nxc6 Bxc6 20. Rac1 b5 21. c5
b4 22. cxd6 Bb5 23. Qg4 Rxc1 24. Rxc1 exd6 25. Bh6 Bg7 26. Bxg7 Kxg7 27. Qf4
Qxa2 28. e5 Qxb3 29. exd6 Qb2 30. Rc7 b3 31. Bd5 Qf6 32. Qxf6+ Kxf6 33. Bxb3
Ke5 34. Bxf7 Kxd6 35. Ra7 Kc5 36. f4 a5 37. Be6 Rf6 38. Bg8 a4 39. Kf2 h6 40.
Ke3 Rf8 41. Rc7+ Bc6 42. Ba2 a3 43. Rg7 Ra8 44. f5 Bd5 45. Rc7+ Kd6 46. Rc2
Bxa2 47. Rxa2 gxf5 48. Kd4 h5 49. Kc4 Ke5 0-1

[Event "4NCL Division 1b"]
[Site "Birmingham, ENG ENG"]
[Date "2016.01.23"]
[Round "3.156"]
[White "Flear, Glenn C"]
[Black "Webb, Laurence E"]
[Result "1/2-1/2"]
[WhiteElo "2459"]
[BlackElo "2275"]
[PlyCount "118"]
[EventDate "2016.01.23"]
[WhiteTeam "Guildford 1"]
[BlackTeam "Blackthorne Russia"]

1. d4 e6 2. c4 Nf6 3. Nf3 Bb4+ 4. Bd2 Bxd2+ 5. Qxd2 d6 6. Nc3 O-O 7. g3 Nc6 8.
Bg2 e5 9. O-O Bg4 10. d5 Ne7 11. Ne1 a5 12. Nd3 b6 13. e4 Nd7 14. f4 f6 15. Nf2
Bh5 16. Rae1 Nc5 17. Bh3 Bf7 18. Nd3 Kh8 19. Nxc5 bxc5 20. fxe5 fxe5 21. Nb5
Ng8 22. Rf3 Nf6 23. Ra3 Bg6 24. Bg2 a4 25. Qc2 Qd7 26. Nc3 Be8 27. Rf1 Rf7 28.
Nb5 h5 29. Rxa4 Rxa4 30. Qxa4 Ng4 31. Qd1 Rxf1+ 32. Qxf1 Ne3 33. Qf8+ Kh7 34.
Nxc7 Qxc7 35. Qxe8 g6 36. b3 Qa7 37. a4 Qb7 38. Qb5 Qf7 39. Qa5 Nc2 40. Qd2 Nd4
41. Qa2 Qb7 42. a5 Qb4 43. Kf2 Nxb3 44. a6 Qxc4 45. Qb2 Qa4 46. Bf1 c4 47. Qc2
c3 48. Kg2 Qd4 49. a7 Na1 50. Qd3 Qxa7 51. Qxc3 Qa2+ 52. Kh3 Qb1 53. Qc7+ Kh6
54. Bg2 Qd1 55. Qc8 Nc2 56. Kh4 g5+ 57. Kh3 Ne3 58. Qe6+ Kg7 59. Qe7+ Kh8
1/2-1/2

[Event "4NCL Division 1b"]
[Site "Birmingham, ENG ENG"]
[Date "2016.01.23"]
[Round "3.157"]
[White "Duncan, Chris R"]
[Black "Sarakauskas, Gediminas"]
[Result "0-1"]
[WhiteElo "2299"]
[BlackElo "2415"]
[PlyCount "104"]
[EventDate "2016.01.23"]
[WhiteTeam "Blackthorne Russia"]
[BlackTeam "Guildford 1"]

1. Nf3 d6 2. d4 Bg4 3. e4 c6 4. h3 Bh5 5. c4 e5 6. Be2 Nd7 7. Nc3 Ngf6 8. O-O
Be7 9. Be3 O-O 10. Qc2 Re8 11. Rad1 Qc7 12. Rfe1 Bf8 13. d5 cxd5 14. cxd5 a6
15. Rc1 Rac8 16. Qb1 Bxf3 17. Bxf3 Qb8 18. a3 Be7 19. Na2 Rxc1 20. Rxc1 Rc8 21.
Rxc8+ Qxc8 22. Qc1 Qxc1+ 23. Nxc1 Bd8 24. Nb3 Kf8 25. Kf1 Ke7 26. Ke2 b5 27. g4
h6 28. h4 Bb6 29. g5 hxg5 30. hxg5 Nh7 31. Bd2 Ke8 32. Bg4 Bd8 33. g6 fxg6 34.
f3 Nhf6 35. Be6 Nh5 36. Bb4 Nf4+ 37. Kd1 Ke7 38. Bg4 Nd3 39. Bxd7 Kxd7 40. Bc3
Bb6 41. Ke2 Nf4+ 42. Kf1 g5 43. Ke1 Nh3 44. Kf1 g4 45. fxg4 Ng5 46. Ba5 Ba7 47.
Nc1 Nxe4 48. Nd3 Bd4 49. b3 Nf6 50. a4 bxa4 51. bxa4 Nxd5 52. Ke2 Bc3 0-1

[Event "4NCL Division 1b"]
[Site "Birmingham, ENG ENG"]
[Date "2016.01.23"]
[Round "3.158"]
[White "Ciuksyte, Dagne"]
[Black "Nelson, Jonathan P"]
[Result "1/2-1/2"]
[WhiteElo "2338"]
[BlackElo "2180"]
[PlyCount "74"]
[EventDate "2016.01.23"]
[WhiteTeam "Guildford 1"]
[BlackTeam "Blackthorne Russia"]

1. e4 d6 2. d4 Nf6 3. Nc3 Nbd7 4. Bc4 c6 5. a4 d5 6. Bd3 e5 7. exd5 exd4 8.
dxc6 bxc6 9. Ne4 Nxe4 10. Bxe4 Bb4+ 11. Bd2 Qe7 12. Bxb4 Qxb4+ 13. Qd2 Qxb2 14.
Rd1 O-O 15. Qxd4 Qxd4 16. Rxd4 c5 17. Bxa8 cxd4 18. Nf3 Nc5 19. Kd2 Rd8 20. Rb1
Bd7 21. Bd5 Be8 22. Re1 Kf8 23. Bc4 f6 24. a5 Bc6 25. Kc1 Ne4 26. Bd3 Nxf2 27.
Bxh7 Bxf3 28. gxf3 d3 29. Kd2 dxc2+ 30. Kxc2 Nh3 31. Bf5 Ng5 32. Re3 Nf7 33.
Rc3 Nd6 34. Rd3 Ke7 35. Re3+ Kf8 36. Rd3 Ke7 37. Re3+ Kf8 1/2-1/2

[Event "4NCL Division 1b"]
[Site "Birmingham, ENG ENG"]
[Date "2016.01.23"]
[Round "3.161"]
[White "Adair, James R"]
[Black "Roberson, Peter T"]
[Result "1-0"]
[WhiteElo "2461"]
[BlackElo "2399"]
[PlyCount "67"]
[EventDate "2016.01.23"]
[WhiteTeam "White Rose 1"]
[BlackTeam "Grantham Sharks 1"]

1. e4 e6 2. d4 d5 3. Nc3 Nf6 4. e5 Nfd7 5. f4 c5 6. Nf3 Nc6 7. Be3 a6 8. Qd2
Be7 9. dxc5 Nxc5 10. O-O-O b5 11. Qf2 Na4 12. Ne2 Qc7 13. Ned4 Na5 14. Kb1 Nc4
15. Bc1 Naxb2 16. Bxb2 Nxb2 17. Kxb2 Ba3+ 18. Kxa3 Qc3+ 19. Nb3 b4+ 20. Ka4 Qb2
21. Ka5 Qa3+ 22. Kb6 Bd7 23. Qc5 Rc8 24. Qa5 Qb2 25. Nc5 Rb8+ 26. Ka7 Ke7 27.
Nxd7 Kxd7 28. Rxd5+ exd5 29. Qxd5+ Ke8 30. Qc6+ Kd8 31. Qd6+ Ke8 32. Qxb8+ Ke7
33. Qd6+ Ke8 34. Bxa6 1-0

[Event "4NCL Division 1b"]
[Site "Birmingham, ENG ENG"]
[Date "2016.01.23"]
[Round "3.162"]
[White "Batchelor, Peter J"]
[Black "McNab, Colin A"]
[Result "1/2-1/2"]
[WhiteElo "2307"]
[BlackElo "2437"]
[PlyCount "163"]
[EventDate "2016.01.23"]
[WhiteTeam "Grantham Sharks 1"]
[BlackTeam "White Rose 1"]

1. d4 d6 2. Nf3 g6 3. c4 Bg7 4. Nc3 Nd7 5. g3 e5 6. Bg2 Ne7 7. O-O O-O 8. e4
exd4 9. Nxd4 Nc6 10. Nde2 Re8 11. Be3 a6 12. Rc1 Rb8 13. Qc2 Nde5 14. Nd5 f5
15. h4 h6 16. Rfd1 Ng4 17. c5 Nxe3 18. Nxe3 Qf6 19. cxd6 cxd6 20. Nf4 Kh7 21.
exf5 gxf5 22. Nh5 Qe6 23. Nxg7 Kxg7 24. Qc3+ Qe5 25. Rxd6 Qxc3 26. Rxc3 f4 27.
gxf4 Re6 28. Rxe6 Bxe6 29. Bxc6 bxc6 30. Rxc6 Bxa2 31. Rxa6 Rxb2 32. Kg2 Bb1
33. Kg3 Rb4 34. Ra7+ Kg8 35. Kg4 Bg6 36. Nd5 Rb5 37. Ne7+ Kf7 38. f5 Bh7 39.
Nd5+ Kf8 40. Rxh7 Rxd5 41. Rxh6 Rd2 42. f3 Rg2+ 43. Kf4 Kf7 44. Rh7+ Kf6 45. h5
Rh2 46. Rh6+ Kf7 47. Kg4 Rg2+ 48. Kh3 Rg5 49. f6 Rg1 50. Rg6 Ra1 51. Kg4 Ke6
52. f4 Rb1 53. Kg5 Rb5+ 54. Kh6 Kf7 55. Rg5 Rb8 56. Rf5 Rh8+ 57. Kg5 Rg8+ 58.
Kh4 Rg1 59. Kh3 Rh1+ 60. Kg2 Rh4 61. Kg1 Rh3 62. Kf1 Rh2 63. Kg1 Rh3 64. Kf2
Rh2+ 65. Kf3 Rh1 66. Kg4 Rg1+ 67. Kh4 Rh1+ 68. Kg5 Rg1+ 69. Kh6 Rg8 70. Kh7 Rg4
71. h6 Rg6 72. Ra5 Rxf6 73. Ra7+ Kf8 74. f5 Rb6 75. Rg7 Rf6 76. Rg8+ Kf7 77.
Ra8 Rb6 78. Ra5 Rc6 79. Re5 Rf6 80. Rc5 Ra6 81. Rd5 Rb6 82. Re5 1/2-1/2

[Event "4NCL Division 1b"]
[Site "Birmingham, ENG ENG"]
[Date "2016.01.23"]
[Round "3.163"]
[White "Wells, Peter K"]
[Black "Rendle, Thomas E"]
[Result "1/2-1/2"]
[WhiteElo "2434"]
[BlackElo "2372"]
[PlyCount "44"]
[EventDate "2016.01.23"]
[WhiteTeam "White Rose 1"]
[BlackTeam "Grantham Sharks 1"]

1. d4 e6 2. c4 f5 3. g3 Nf6 4. Bg2 c6 5. Nh3 d6 6. O-O Be7 7. b3 e5 8. Bb2 Qc7
9. Nc3 O-O 10. e3 Kh8 11. Rc1 Ng4 12. Qd2 Nd7 13. Ne2 Ndf6 14. f3 Nh6 15. Ng5
Nh5 16. f4 e4 17. d5 c5 18. Nc3 Qd8 19. Ne6 Bxe6 20. dxe6 Nf6 21. Rcd1 Qe8 22.
Qe2 Qg6 1/2-1/2

[Event "4NCL Division 1b"]
[Site "Birmingham, ENG ENG"]
[Date "2016.01.23"]
[Round "3.164"]
[White "Bremner, Adam"]
[Black "Palliser, Richard J D"]
[Result "1/2-1/2"]
[WhiteElo "2188"]
[BlackElo "2420"]
[PlyCount "58"]
[EventDate "2016.01.23"]
[WhiteTeam "Grantham Sharks 1"]
[BlackTeam "White Rose 1"]

1. e4 c5 2. Nf3 d6 3. d4 cxd4 4. Qxd4 a6 5. h3 Nc6 6. Qe3 Nf6 7. c4 e6 8. Be2
Be7 9. O-O O-O 10. Rd1 Qc7 11. Nc3 Bd7 12. b3 Nb4 13. Qd2 Rfd8 14. Bb2 a5 15.
Ne1 Bc6 16. Bf3 b6 17. Nd3 Qb7 18. Qe2 Nxd3 19. Rxd3 Nd7 20. Rdd1 a4 21. Nxa4
Bxa4 22. bxa4 e5 23. Ba3 Qc6 24. Bb4 Rxa4 25. a3 Nc5 26. Rab1 g6 27. Bxc5 Qxc5
28. Rd5 Qc7 29. Qe3 Rb8 1/2-1/2

[Event "4NCL Division 1b"]
[Site "Birmingham, ENG ENG"]
[Date "2016.01.23"]
[Round "3.165"]
[White "Gourlay, Iain"]
[Black "Foisor, Mihaela-Veronica"]
[Result "1-0"]
[WhiteElo "2406"]
[BlackElo "2249"]
[PlyCount "95"]
[EventDate "2016.01.23"]
[WhiteTeam "White Rose 1"]
[BlackTeam "Grantham Sharks 1"]

1. Nf3 c5 2. c4 g6 3. g3 Bg7 4. Bg2 Nc6 5. Nc3 e6 6. O-O Nge7 7. d3 O-O 8. Bg5
h6 9. Bd2 b6 10. Qc1 Kh7 11. a3 Bb7 12. b4 cxb4 13. axb4 Nxb4 14. Ng5+ hxg5 15.
Bxb7 Rb8 16. Rxa7 Nbc6 17. Bxc6 Nxc6 18. Ra6 g4 19. Nb5 d5 20. Be3 d4 21. Bd2
Ra8 22. Qa3 Qc8 23. Ra1 Rxa6 24. Qxa6 Qxa6 25. Rxa6 Rb8 26. Bf4 e5 27. Bg5 Bh6
28. Bxh6 Kxh6 29. Nd6 Nd8 30. Ra7 Kg7 31. Ne8+ Kh6 32. Nf6 Kg5 33. Nd7 Rb7 34.
Rxb7 Nxb7 35. Nxe5 Nd6 36. f4+ Kh5 37. Nd7 b5 38. Nf6+ Kh6 39. Nxg4+ Kg7 40.
cxb5 Nxb5 41. Kf2 f5 42. Ne5 Kf6 43. Nf3 Ke6 44. Ke1 Kf6 45. Kd2 Ke7 46. e3
dxe3+ 47. Kxe3 Ke6 48. Nd4+ 1-0

[Event "4NCL Division 1b"]
[Site "Birmingham, ENG ENG"]
[Date "2016.01.23"]
[Round "3.166"]
[White "Holland, James P"]
[Black "Weaving, Richard"]
[Result "0-1"]
[WhiteElo "2235"]
[BlackElo "2246"]
[PlyCount "120"]
[EventDate "2016.01.23"]
[WhiteTeam "Grantham Sharks 1"]
[BlackTeam "White Rose 1"]

1. d4 Nf6 2. Nf3 g6 3. Bf4 Bg7 4. e3 b6 5. a4 a5 6. d5 Na6 7. Nc3 Nc5 8. Nb5
Nxd5 9. Qxd5 c6 10. Qa2 cxb5 11. Bxb5 O-O 12. O-O Bb7 13. Ne5 d6 14. Rfd1 Qc7
15. Nd3 e5 16. Bg3 Ne4 17. Rac1 Rac8 18. c4 Qe7 19. b4 h5 20. h3 Nxg3 21. fxg3
Qg5 22. Qf2 Bh6 23. Re1 Be4 24. Rcd1 Rfd8 25. bxa5 bxa5 26. h4 Qe7 27. Qe2 Bf5
28. Nf2 Rc5 29. Rd5 Qa7 30. Kh2 Qb6 31. Red1 Rxd5 32. Rxd5 Bxe3 33. c5 Bxc5 34.
Ne4 Bd4 35. Bc4 Qc6 36. Ng5 Rf8 37. Rxa5 Kg7 38. Ra6 Qc5 39. Qa2 f6 40. Nf3 Be3
41. Qb3 e4 42. Qb7+ Kh6 43. Rc6 Qa7 44. Qxa7 Bxa7 45. Ng1 Rc8 46. Rxc8 Bxc8 47.
Bd5 f5 48. Nh3 Kg7 49. g4 hxg4 50. Nf4 Ba6 51. Bb3 e3 52. Bd1 d5 53. Nxd5 e2
54. Bxe2 Bxe2 55. g3 Bc4 56. Nc7 Kf7 57. a5 Ke7 58. h5 gxh5 59. a6 Kd7 60. Nd5
Bg1+ 0-1

[Event "4NCL Division 1b"]
[Site "Birmingham, ENG ENG"]
[Date "2016.01.23"]
[Round "3.167"]
[White "Maroroa, Sue"]
[Black "Tavares, Shawn P"]
[Result "0-1"]
[WhiteElo "2297"]
[BlackElo "2127"]
[PlyCount "148"]
[EventDate "2016.01.23"]
[WhiteTeam "White Rose 1"]
[BlackTeam "Grantham Sharks 1"]

1. e4 c5 2. Nf3 e6 3. c3 Nf6 4. e5 Nd5 5. d4 cxd4 6. cxd4 d6 7. Bd3 Be7 8. O-O
O-O 9. Nc3 dxe5 10. Nxe5 Nc6 11. Nxc6 bxc6 12. Ne4 Nb4 13. Bb1 Ba6 14. Re1 Qa5
15. Re3 Rfd8 16. Ra3 Qe5 17. Be3 c5 18. Nxc5 Qxc5 19. Bxh7+ Kxh7 20. dxc5 Rxd1+
21. Rxd1 Bc8 22. Ra4 Nd5 23. Rc1 Bf6 24. Rc2 a6 25. g3 Rb8 26. b3 Be5 27. Re4
f6 28. Bd2 Kg6 29. Ba5 Bc7 30. Bxc7 Nxc7 31. Rh4 Bd7 32. c6 Be8 33. Rc3 Nd5 34.
Rc5 Kf7 35. Ra4 Nc7 36. Rd4 Ke7 37. f4 Rb6 38. h4 Bxc6 39. Rdc4 Kd6 40. Rh5 Nd5
41. Rh7 Rb7 42. Kf2 Re7 43. h5 f5 44. b4 Nf6 45. Rh8 Re8 46. Rxe8 Bxe8 47. Rc8
Bc6 48. h6 gxh6 49. Rh8 h5 50. a3 Be8 51. a4 Bxa4 52. Rb8 Bc6 53. Rb6 Nd5 54.
Rxa6 Nxb4 55. Ra3 Nd5 56. Ra5 h4 57. Ra7 hxg3+ 58. Kxg3 Nc3 59. Kf2 Kc5 60.
Ra5+ Kd4 61. Ra3 Ne4+ 62. Ke2 Bb5+ 63. Kf3 Nd2+ 64. Kg3 Bd3 65. Ra5 Ke3 66. Ra3
Ne4+ 67. Kg2 Nf6 68. Kg3 Nh5+ 69. Kh4 Nxf4 70. Kg5 Nd5 71. Ra1 f4 72. Re1+ Be2
73. Rb1 f3 74. Rb3+ Bd3 0-1

[Event "4NCL Division 1b"]
[Site "Birmingham, ENG ENG"]
[Date "2016.01.23"]
[Round "3.168"]
[White "Birtwistle, Nigel"]
[Black "Townsend, M Paul"]
[Result "1/2-1/2"]
[WhiteElo "2119"]
[BlackElo "2268"]
[PlyCount "109"]
[EventDate "2016.01.23"]
[WhiteTeam "Grantham Sharks 1"]
[BlackTeam "White Rose 1"]

1. Nf3 Nf6 2. g3 d5 3. c4 e6 4. Bg2 Be7 5. O-O O-O 6. d4 Nbd7 7. Qc2 c6 8. Nbd2
b6 9. e4 Bb7 10. e5 Ne8 11. cxd5 cxd5 12. Re1 Qc7 13. Qd3 Nb8 14. Nf1 Ba6 15.
Qd1 Nc6 16. Bd2 Rc8 17. Rc1 Qb7 18. h4 Nc7 19. a3 Na5 20. Ne3 Na8 21. Bc3 Nc4
22. Nxc4 Bxc4 23. Ng5 Nc7 24. Bd2 Qa6 25. Qh5 Bd3 26. Bf1 h6 27. Nh3 Bxf1 28.
Rxf1 Nb5 29. Be3 Rxc1 30. Rxc1 Rc8 31. Qd1 Qb7 32. Nf4 Rxc1 33. Qxc1 Qc7 34.
Qf1 Qc6 35. Qd3 Nc7 36. Ne2 b5 37. Nc3 a5 38. Kf1 b4 39. axb4 axb4 40. Ne2 Nb5
41. Nc1 Qc4 42. Ke1 h5 43. Kd2 g6 44. Ne2 Bd8 45. Nf4 b3 46. Qxc4 dxc4 47. d5
c3+ 48. Kc1 exd5 49. bxc3 Ba5 50. Kb2 Bxc3+ 51. Kxb3 d4 52. Bc1 Nc7 53. Kc4 Ne6
54. Nd3 Kf8 55. Ba3+ 1/2-1/2

[Event "4NCL Division 1b"]
[Site "Birmingham, ENG ENG"]
[Date "2016.01.23"]
[Round "3.171"]
[White "Rogers, Jonathan W"]
[Black "Carron, Julien"]
[Result "1/2-1/2"]
[WhiteElo "2280"]
[BlackElo "2362"]
[PlyCount "101"]
[EventDate "2016.01.23"]
[WhiteTeam "Barbican 4NCL 2"]
[BlackTeam "Sussex Martlets 1"]

1. d4 Nf6 2. c4 e6 3. Nc3 Bb4 4. Bd2 O-O 5. e3 d5 6. Nf3 a6 7. Rc1 Nbd7 8. cxd5
exd5 9. Qb3 Bxc3 10. Qxc3 c6 11. Qa3 Ne4 12. Bd3 Nxd2 13. Nxd2 Qg5 14. O-O Nf6
15. f4 Qh6 16. Rf3 Re8 17. Bb1 g6 18. Qd6 Kg7 19. Rcf1 Bg4 20. Rg3 Rad8 21. Qb4
Rd7 22. Rf2 Rde7 23. Nf1 Kh8 24. Qe1 Qh4 25. h3 Bc8 26. f5 g5 27. Qb4 Qh6 28.
Qd6 Rd7 29. Qa3 Rde7 30. Qb4 Nh5 31. Rgf3 Nf6 32. Rg3 Nh5 33. Rgf3 Nf6 34. Rg3
Qg7 35. Qd6 Rd7 36. Qa3 Rde7 37. Nh2 h5 38. Rf1 Qh6 39. Qd6 Rd7 40. Qb4 Rde7
41. Nf3 h4 42. Rxg5 Rxe3 43. Ne5 R3xe5 44. dxe5 Qxg5 45. exf6 Rg8 46. Rf2 Qxf6
47. Rf4 Rg5 48. Qe1 Rg3 49. Qe8+ Rg8 50. Qe1 Rg3 51. Qe8+ 1/2-1/2

[Event "4NCL Division 1b"]
[Site "Birmingham, ENG ENG"]
[Date "2016.01.23"]
[Round "3.173"]
[White "Taylor, Martin R"]
[Black "Grant, David J"]
[Result "1-0"]
[WhiteElo "2321"]
[BlackElo "2096"]
[PlyCount "91"]
[EventDate "2016.01.23"]
[WhiteTeam "Barbican 4NCL 2"]
[BlackTeam "Sussex Martlets 1"]

1. d4 Nf6 2. c4 e6 3. Nc3 Bb4 4. Qc2 d5 5. a3 Bxc3+ 6. Qxc3 Ne4 7. Qc2 c5 8.
dxc5 Nc6 9. cxd5 exd5 10. Nf3 Bf5 11. b4 d4 12. g4 Bg6 13. Qc4 h5 14. g5 O-O
15. Bg2 Nc3 16. Bd2 Re8 17. Bxc3 dxc3 18. Qxc3 a5 19. b5 Nb4 20. O-O Nd5 21.
Qd2 Rc8 22. Nh4 Be4 23. f3 Bh7 24. e4 Rxc5 25. exd5 Rxd5 26. Qf2 Rd2 27. Qg3
Qd4+ 28. Kh1 Bd3 29. Rfe1 Rde2 30. Rad1 Qc3 31. Rxe2 Rxe2 32. g6 fxg6 33. f4
Qc2 34. Re1 Qd2 35. Nf3 Rxe1+ 36. Nxe1 Bxb5 37. Bxb7 h4 38. Qxh4 Bc4 39. Qg3
Qe2 40. Bf3 Qe6 41. Qf2 Qd6 42. Qe3 Kh7 43. Be4 Qe6 44. Nf3 Qg4 45. Ne5 Qd1+
46. Qg1 1-0

[Event "4NCL Division 1b"]
[Site "Birmingham, ENG ENG"]
[Date "2016.01.23"]
[Round "3.174"]
[White "Bucher, Grant W"]
[Black "Navarro Cia, Miguel"]
[Result "0-1"]
[WhiteElo "2138"]
[BlackElo "2263"]
[PlyCount "106"]
[EventDate "2016.01.23"]
[WhiteTeam "Sussex Martlets 1"]
[BlackTeam "Barbican 4NCL 2"]

1. e4 Nf6 2. e5 Nd5 3. d4 d6 4. c4 Nb6 5. f4 g6 6. Nc3 Bg7 7. Be3 Be6 8. Rc1
O-O 9. b3 Na6 10. h3 dxe5 11. fxe5 c5 12. d5 Bc8 13. Nf3 Nd7 14. Bf4 e6 15. Be2
exd5 16. Nxd5 Re8 17. O-O h6 18. Qd2 Kh7 19. Ng5+ hxg5 20. Bxg5 f6 21. exf6 Re5
22. Ne7 Rxe7 23. fxe7 Qe8 24. Rf4 Ne5 25. Rh4+ Kg8 26. Qd5+ Nf7 27. Rf1 Nc7 28.
Qd2 Bf5 29. Rxf5 gxf5 30. Bh5 Ne6 31. Bh6 Qxe7 32. Bxf7+ Qxf7 33. Bxg7 Qxg7 34.
Qd5 Qf7 35. Qe5 Ng7 36. Qxc5 Rd8 37. Qxa7 Qe7 38. Qf2 Rd1+ 39. Kh2 Qd6+ 40. Qf4
Qxf4+ 41. Rxf4 Rd2 42. a4 Rb2 43. Rf3 Kf7 44. Kg1 Ke6 45. Re3+ Kf6 46. Kh2 f4
47. Rd3 Nf5 48. h4 Nxh4 49. Kh3 Nf5 50. Kg4 Ke5 51. Rd5+ Ke4 52. Rb5 Rxg2+ 53.
Kh3 Rg7 0-1